LEADER 01153nam0-22002651i-450- 001 990006289210403321 005 20040409113543.0 035 $a000628921 035 $aFED01000628921 035 $a(Aleph)000628921FED01 035 $a000628921 100 $a20000112d1945----km-y0itay50------ba 105 $a--------00-yy 200 1 $aNorme integrative e di attuazione del decreto Legislativo Luogotenenziale 27 luglio 1944, n. 159, per la parte riguardante l'Avocazione e la confisca dei profitti di regime$e(decretolegislativo Luogotenenziale 31 maggio 1945 n. 364 pubblicato nella Gazzetta Ufficiale del 14 luglio 1945 n. 84) 210 $aRoma$cLibreria dello Stato$d1945 215 $a24 p.$d24 cm 676 $a336.014 710 02$aItalia.$bPresidenza del Consiglio dei ministri$0423419 801 0$aIT$bUNINA$gRICA$2UNIMARC 901 $aBK 912 $a990006289210403321 952 $aBUSTA 21 (5) 10$b33034$fFGBC 959 $aFGBC 996 $aNorme integrative e di attuazione del decreto Legislativo Luogotenenziale 27 luglio 1944, n. 159, per la parte riguardante l'Avocazione e la confisca dei profitti di regime$9642235 997 $aUNINA LEADER 01161nam 2200325Ka 450 001 9910695892303321 005 20070504125436.0 035 $a(CKB)5470000002372864 035 $a(OCoLC)123983874 035 $a(EXLCZ)995470000002372864 100 $a20070504d2004 ua 0 101 0 $aeng 181 $ctxt$2rdacontent 182 $cc$2rdamedia 183 $acr$2rdacarrier 200 10$aFinancial management$b[electronic resource] $eDepartment of the Treasury payments for water and sewer services provided by the District of Columbia were made timely for the second quarter of fiscal year 2004 210 1$a[Washington, D.C.] :$cOffice of Inspector General, Dept. of the Treasury,$d[2004] 215 $ai, 5 pages $cdigital, PDF file 225 1 $aAttestation report ;$vOIG-04-018 300 $aTitle from title screen (viewed on May 4, 2007). 300 $a"January 16, 2004." 517 $aFinancial management 606 $aWater utilities$zWashington (D.C.) 615 0$aWater utilities 801 0$bGPO 801 1$bGPO 906 $aBOOK 912 $a9910695892303321 996 $aFinancial Management$9424135 997 $aUNINA